[Event "TUR-chT Superleague 2018"]
[Site "Ankara"]
[Date "2018.08.03"]
[Round "11"]
[White "Can, Isik"]
[Black "Unat, Can Haktan"]
[Result "1-0"]
[WhiteElo "2377"]
[BlackElo "2159"]
[Annotator "NA"]
[PlyCount "107"]
[EventDate "2018.07.25"]
[EventType "team-tourn"]
[EventCountry "TUR"]
[SourceTitle "playchess.com"]
[Source "ChessBase"]
[SourceQuality "1"]

1. e4 c5 2. Nf3 Nc6 3. d4 cxd4 4. Nxd4 g6 5. Nc3 Bg7 6. Be3 Nf6 7. Bc4 Qa5 8. O-O O-O 9. Bb3 d6 10. h3 Bd7 11. f4 Rac8 12. a3 a6 13. Qd3 Nxd4 14. Bxd4 Bc6 15. e5 dxe5 16. fxe5 Nd5 17. Ne4 Rcd8 18. Rad1 Nc7 19. Qe3 Bxe4 20. Bc3 Qb5 21. Rxd8 Rxd8 22. Bxf7+ Kh8 23. Qxe4 Qc5+ 24. Kh1 Nb5 25. Qh4 Nxc3 26. Bxg6 h6 27. bxc3 Qxe5 28. Bd3 Rf8 29. Re1 Qd5 30. Rxe7 b5 31. Re1 Rg8 32. Qf4 Qd7 33. Re3 Re8 34. Qg4 Qf7 35. Rf3 Re1+ 36. Kh2 Qc7+ 37. Qg3 Qxg3+ 38. Kxg3 Bxc3 39. Rf7 Ra1 40. Kg4 Kg8 41. Ra7 Rxa3 42. Kf5 Ra1 43. Kg6 Kf8 44. Kxh6 Rg1 45. Be4 Re1 46. Bf5 a5 47. g4 a4 48. g5 Bb2 49. g6 Rg1 50. Bg4 a3 51. Rxa3 Ra1 52. Rxa1 Bxa1 53. Kh7 Bf6 54. h4 1-0

[Event "TUR-chT Superleague 2018"]
[Site "Ankara"]
[Date "2018.08.03"]
[Round "11"]
[White "Savina, Anastasia"]
[Black "Mamedjarova, Zeinab"]
[Result "1/2-1/2"]
[WhiteElo "2334"]
[BlackElo "2345"]
[Annotator "NA"]
[PlyCount "72"]
[EventDate "2018.07.25"]
[EventType "team-tourn"]
[EventCountry "TUR"]
[SourceTitle "playchess.com"]
[Source "ChessBase"]
[SourceQuality "1"]

1. d4 Nf6 2. c4 e6 3. Nc3 d5 4. cxd5 exd5 5. Bg5 c6 6. e3 Be7 7. Bd3 O-O 8. Qc2 Nbd7 9. Nge2 Re8 10. O-O h6 11. Bh4 Ne4 12. Bxe7 Qxe7 13. Rae1 Ndf6 14. Nd1 Bd7 15. f3 Ng5 16. e4 dxe4 17. fxe4 Bg4 18. Nf2 Bxe2 19. Rxe2 Rad8 20. e5 Nh5 21. Ne4 Rxd4 22. Nd6 Nf4 23. Rd2 Qxe5 24. Nxe8 Qe3+ 25. Kh1 Nxd3 26. Re2 Rf4 27. Rxf4 Qxf4 28. Kg1 Qd4+ 29. Kf1 Ne6 30. Qc3 Qd5 31. Qxg7+ Nxg7 32. Nf6+ Kf8 33. Nh7+ Kg8 34. Nf6+ Kf8 35. Nh7+ Kg8 36. Nf6+ Kf8 1/2-1/2

[Event "TUR-chT Superleague 2018"]
[Site "Ankara"]
[Date "2018.08.03"]
[Round "11"]
[White "Balajayeva, Khanim"]
[Black "Erece, Ece Alkim"]
[Result "1-0"]
[WhiteElo "2332"]
[BlackElo "1788"]
[Annotator "NA"]
[PlyCount "57"]
[EventDate "2018.07.25"]
[EventType "team-tourn"]
[EventCountry "TUR"]
[SourceTitle "playchess.com"]
[Source "ChessBase"]
[SourceQuality "1"]

1. e4 c5 2. c3 g6 3. d4 cxd4 4. cxd4 d5 5. e5 Bg7 6. Nf3 Bg4 7. Bb5+ Nd7 8. Nbd2 e6 9. O-O Ne7 10. h3 Bxf3 11. Nxf3 O-O 12. Bg5 a6 13. Bd3 Re8 14. Qd2 f6 15. exf6 Bxf6 16. Bxf6 Nxf6 17. Rfe1 Qb6 18. Qf4 Kg7 19. Rac1 Nc6 20. Ng5 Qxd4 21. Qc7+ Kh8 22. Rxe6 Qxd3 23. Rcxc6 Qd2 24. Rxe8+ Rxe8 25. Nf7+ Kg8 26. Rxf6 Qe1+ 27. Kh2 Kg7 28. Qf4 Qe7 29. Nd6 1-0

[Event "TUR-chT Superleague 2018"]
[Site "Ankara"]
[Date "2018.08.03"]
[Round "11"]
[White "Tuncer, Tuna"]
[Black "Yildirim, Ibrahim Halil"]
[Result "1-0"]
[WhiteElo "2328"]
[BlackElo "1783"]
[Annotator "NA"]
[PlyCount "81"]
[EventDate "2018.07.25"]
[EventType "team-tourn"]
[EventCountry "TUR"]
[SourceTitle "playchess.com"]
[Source "ChessBase"]
[SourceQuality "1"]

1. Nf3 d5 2. g3 Nf6 3. Bg2 c6 4. O-O Bg4 5. b3 Nbd7 6. Bb2 e6 7. c4 Bd6 8. d3 O-O 9. Nbd2 e5 10. h3 Bh5 11. Nh4 Bg6 12. a3 Re8 13. Nxg6 hxg6 14. b4 Bc7 15. cxd5 cxd5 16. Qb3 Nf8 17. Rac1 Qd7 18. Rc2 Rad8 19. Rfc1 Bb8 20. Qa2 Ne6 21. Qa1 Ng5 22. Kh2 Ngh7 23. e3 g5 24. e4 d4 25. Bf3 Nf8 26. Kg2 Rc8 27. Nb3 b6 28. Bd1 Ne6 29. Nd2 Rxc2 30. Bxc2 Bd6 31. Nc4 Bb8 32. Bb3 Rd8 33. Rc2 b5 34. Na5 Rc8 35. Qc1 Rxc2 36. Qxc2 Nd8 37. Ba2 Bc7 38. Nb3 Bb6 39. Bc1 Nh7 40. Bd2 f6 41. Nc5+ 1-0

[Event "TUR-chT Superleague 2018"]
[Site "Ankara"]
[Date "2018.08.03"]
[Round "11"]
[White "Kilic, Efe Mert"]
[Black "Ozenir, Ekin Baris"]
[Result "0-1"]
[WhiteElo "2317"]
[BlackElo "2314"]
[Annotator "NA"]
[PlyCount "76"]
[EventDate "2018.07.25"]
[EventType "team-tourn"]
[EventCountry "TUR"]
[SourceTitle "playchess.com"]
[Source "ChessBase"]
[SourceQuality "1"]

1. e4 Nc6 2. Nf3 d6 3. d4 Nf6 4. Nc3 g6 5. Bb5 a6 6. Bxc6+ bxc6 7. h3 Bg7 8. O-O O-O 9. Qe2 Nd7 10. Bg5 a5 11. Qe3 Ba6 12. Rfe1 f6 13. Bh6 e5 14. Bxg7 Kxg7 15. b3 Qe7 16. a4 Bb7 17. Rad1 c5 18. dxe5 fxe5 19. Nd5 Bxd5 20. exd5 h6 21. Nh2 Qh4 22. Rd2 Rab8 23. Qd3 c4 24. Qc3 Rb4 25. Ng4 h5 26. Ne3 Nb6 27. Rde2 Qd4 28. Qxd4 exd4 29. Nxc4 Nxc4 30. bxc4 Rxa4 31. Rd2 Rxc4 32. Ra1 a4 33. Kf1 Rf5 34. Ke2 Rxd5 35. Kd3 Rb4 36. f4 Rc5 37. g4 Rc3+ 38. Ke4 d3+ 0-1

[Event "TUR-chT Superleague 2018"]
[Site "Ankara"]
[Date "2018.08.03"]
[Round "11"]
[White "Keler, Faruk"]
[Black "Ererdem, Gani Eren"]
[Result "1-0"]
[WhiteElo "2286"]
[BlackElo "2157"]
[Annotator "NA"]
[PlyCount "79"]
[EventDate "2018.07.25"]
[EventType "team-tourn"]
[EventCountry "TUR"]
[SourceTitle "playchess.com"]
[Source "ChessBase"]
[SourceQuality "1"]

1. e4 e5 2. Nf3 Nc6 3. Bb5 a6 4. Ba4 Nf6 5. O-O Be7 6. Re1 b5 7. Bb3 d6 8. c3 O-O 9. h3 Nb8 10. d4 Nbd7 11. Nbd2 Bb7 12. Bc2 Re8 13. b3 Bf8 14. Bb2 g6 15. a4 c6 16. Bd3 Bg7 17. Qc2 Qc7 18. c4 bxa4 19. c5 dxc5 20. dxe5 Nh5 21. Nc4 Nf4 22. Bf1 a5 23. Rxa4 Ba6 24. Rxa5 Bxc4 25. Rxa8 Rxa8 26. Bxc4 Nxe5 27. Bxe5 Bxe5 28. Ng5 Rf8 29. g3 Nh5 30. f4 Bd4+ 31. Kg2 h6 32. Nf3 Rd8 33. e5 Kh7 34. f5 Ng7 35. fxg6+ fxg6 36. Nh4 Nf5 37. Nxf5 gxf5 38. Qxf5+ Kh8 39. Qf6+ Kh7 40. Bf7 1-0

[Event "TUR-chT Superleague 2018"]
[Site "Ankara"]
[Date "2018.08.03"]
[Round "11"]
[White "Injac, Teodora"]
[Black "Ozturk, Kubra"]
[Result "0-1"]
[WhiteElo "2271"]
[BlackElo "2330"]
[Annotator "NA"]
[PlyCount "86"]
[EventDate "2018.07.25"]
[EventType "team-tourn"]
[EventCountry "TUR"]
[SourceTitle "playchess.com"]
[Source "ChessBase"]
[SourceQuality "1"]

1. d4 d5 2. c4 e6 3. Nc3 Be7 4. Nf3 Nf6 5. cxd5 exd5 6. Bg5 c6 7. Qc2 g6 8. e3 Bf5 9. Bd3 Bxd3 10. Qxd3 O-O 11. Bxf6 Bxf6 12. O-O a5 13. a3 Nd7 14. Rfc1 a4 15. Qc2 Nb6 16. Rab1 Ra7 17. g3 Qe7 18. Kg2 Bg7 19. Re1 f5 20. h4 h6 21. Nd2 Ra6 22. Ne2 Qf7 23. Nf4 Nd7 24. Nf3 Re8 25. Rh1 Nb6 26. Nd2 Nc8 27. Nd3 Ra8 28. Nc5 b5 29. Nd3 Ne7 30. Nf3 Rac8 31. Rbc1 Qe6 32. Nc5 Qd6 33. Ne1 f4 34. gxf4 Nf5 35. Qd2 g5 36. hxg5 hxg5 37. fxg5 Rxe3 38. Rc3 Bxd4 39. Rxe3 Bxe3 40. Qd3 Qf4 41. fxe3 Nxe3+ 42. Kh3 Qg4+ 43. Kh2 Qh4+ 0-1

[Event "TUR-chT Superleague 2018"]
[Site "Ankara"]
[Date "2018.08.03"]
[Round "11"]
[White "Demircioglu, Emre"]
[Black "Citak, Selim"]
[Result "1/2-1/2"]
[WhiteElo "2244"]
[BlackElo "2264"]
[Annotator "NA"]
[PlyCount "192"]
[EventDate "2018.07.25"]
[EventType "team-tourn"]
[EventCountry "TUR"]
[SourceTitle "playchess.com"]
[Source "ChessBase"]
[SourceQuality "1"]

1. Nf3 d5 2. g3 Nf6 3. Bg2 e6 4. O-O Be7 5. c4 O-O 6. b3 c5 7. cxd5 exd5 8. d4 Nc6 9. Bb2 Bg4 10. Nc3 Rc8 11. dxc5 Bxc5 12. Rc1 Re8 13. a3 Bf8 14. b4 a6 15. h3 Bh5 16. Qb3 d4 17. Rcd1 Qb6 18. Na4 Qb5 19. Nxd4 Nxd4 20. Rxd4 Bxe2 21. Nc3 Qb6 22. Nxe2 Rxe2 23. Rd3 Ne4 24. Bd4 Qg6 25. Qd5 Nd2 26. Rxd2 Rxd2 27. Qxb7 Rd8 28. Bb6 R8d7 29. Qb8 Qd6 30. Qxd6 R2xd6 31. Be3 Rd3 32. b5 axb5 33. Bc6 Rd8 34. Bxb5 Rxa3 35. Rc1 Raa8 36. Rc2 Rac8 37. Ra2 Bc5 38. Bf4 h6 39. h4 Bd4 40. Kg2 Rc5 41. Be2 Rdc8 42. Bd1 Rb5 43. Rd2 Be5 44. Be3 Rbb8 45. Rd5 Rd8 46. Rxe5 Rxd1 47. Ra5 Rbd8 48. Ra7 R8d7 49. Ra6 Kh7 50. Ra5 R1d5 51. Ra6 f6 52. Ra4 Rb7 53. Ra6 Kg6 54. Ra4 Kf5 55. Ra6 Rdb5 56. Kf3 h5 57. Ra8 g5 58. hxg5 fxg5 59. Ra6 g4+ 60. Kg2 Rd7 61. Ra1 Rbd5 62. Rb1 Rd1 63. Rxd1 Rxd1 64. Bb6 Rd3 65. Bc5 Ke6 66. Bb6 Kd5 67. Ba7 Rb3 68. Kg1 Rb2 69. Kg2 Ke4 70. Bc5 Kd3 71. Be3 Ke2 72. Bd4 Rb7 73. Be3 Rh7 74. Bd4 Re7 75. Bc5 Rg7 76. Bd4 Rg8 77. Bc5 Kd3 78. Be3 h4 79. gxh4 g3 80. Bg5 gxf2 81. Kxf2 Ke4 82. Kg3 Kf5 83. Kf3 Ra8 84. Be3 Ra4 85. h5 Rh4 86. h6 Rh3+ 87. Kf2 Ke4 88. Bg5 Rh5 89. Bc1 Rh1 90. Bg5 Kf5 91. Be3 Rh3 92. Bc1 Kg4 93. Be3 Rh2+ 94. Kg1 Rh3 95. Kf2 Kf5 96. Bc1 Rxh6 1/2-1/2

[Event "TUR-chT Superleague 2018"]
[Site "Ankara"]
[Date "2018.08.03"]
[Round "11"]
[White "Yilmaz, Goktan"]
[Black "Erdogan, Anil Berk"]
[Result "1/2-1/2"]
[WhiteElo "2233"]
[BlackElo "2055"]
[Annotator "NA"]
[PlyCount "110"]
[EventDate "2018.07.25"]
[EventType "team-tourn"]
[EventCountry "TUR"]
[SourceTitle "playchess.com"]
[Source "ChessBase"]
[SourceQuality "1"]

1. e4 c5 2. Nf3 g6 3. d4 cxd4 4. Nxd4 Bg7 5. Nc3 Nc6 6. Be3 Nf6 7. Bc4 O-O 8. Bb3 Qa5 9. O-O d6 10. h3 Bd7 11. Qd3 Nxd4 12. Bxd4 Bc6 13. Rae1 Nd7 14. Bxg7 Kxg7 15. Nd5 Nc5 16. Qe3 e6 17. Nc3 Nxb3 18. axb3 Qc5 19. Qxc5 dxc5 20. Rd1 Rad8 21. f3 f5 22. Rfe1 fxe4 23. fxe4 Rd4 24. e5 Rfd8 25. Kf2 Rf8+ 26. Kg1 Rfd8 27. Kf2 Rd2+ 28. Rxd2 Rxd2+ 29. Re2 Rd4 30. g3 g5 31. Re1 Kg6 32. g4 Rf4+ 33. Ke2 Rf3 34. Rf1 Rxh3 35. Rf6+ Kg7 36. Rxe6 Rg3 37. Re7+ Kg6 38. Na4 c4 39. Re6+ Kf7 40. Rf6+ Ke7 41. Rh6 cxb3 42. cxb3 Rxg4 43. Nc5 Rf4 44. Rxh7+ Rf7 45. Rh6 Rf5 46. Rh7+ Ke8 47. Nxb7 Rxe5+ 48. Kf2 Re7 49. Nd6+ Kd7 50. Rxe7+ Kxe7 51. Nc8+ Kd8 52. Nxa7 Bd7 53. b4 Kc7 54. b5 Kb6 55. Nc6 Bxc6 1/2-1/2

[Event "TUR-chT Superleague 2018"]
[Site "Ankara"]
[Date "2018.08.03"]
[Round "11"]
[White "Uzumcu, Ahmet Utku"]
[Black "Kamer, Kayra"]
[Result "0-1"]
[WhiteElo "2231"]
[BlackElo "2208"]
[Annotator "NA"]
[PlyCount "54"]
[EventDate "2018.07.25"]
[EventType "team-tourn"]
[EventCountry "TUR"]
[SourceTitle "playchess.com"]
[Source "ChessBase"]
[SourceQuality "1"]

1. e4 c5 2. Nf3 e6 3. d4 cxd4 4. Nxd4 a6 5. Bd3 Bc5 6. Nb3 Be7 7. Qg4 g6 8. Qe2 d6 9. Nc3 Nd7 10. Be3 Ngf6 11. a4 b6 12. O-O Bb7 13. f4 Qc7 14. Rae1 Nc5 15. Nxc5 bxc5 16. Bf2 Nd7 17. f5 Ne5 18. Bc4 gxf5 19. exf5 Qc6 20. Ne4 exf5 21. Nxd6+ Bxd6 22. Bh4 Kd7 23. Rxf5 Nxc4 24. Rxf7+ Kc8 25. Qe6+ Kb8 26. Rf2 Ka7 27. Qxc4 Rhg8 0-1

[Event "TUR-chT Superleague 2018"]
[Site "Ankara"]
[Date "2018.08.03"]
[Round "11"]
[White "Samani, Yamac"]
[Black "Sari, Yasin"]
[Result "1-0"]
[WhiteElo "2217"]
[BlackElo "2299"]
[Annotator "NA"]
[PlyCount "113"]
[EventDate "2018.07.25"]
[EventType "team-tourn"]
[EventCountry "TUR"]
[SourceTitle "playchess.com"]
[Source "ChessBase"]
[SourceQuality "1"]

1. e4 g6 2. d4 Bg7 3. Nc3 c6 4. Nf3 d5 5. h3 Nf6 6. exd5 cxd5 7. Bd3 Nc6 8. O-O O-O 9. a3 a6 10. Re1 b5 11. Bf4 Bb7 12. Nb1 Nd7 13. c3 Nb6 14. Nbd2 Rc8 15. Nb3 Na4 16. Qd2 Re8 17. Re2 e6 18. h4 Nb8 19. h5 Nd7 20. hxg6 hxg6 21. Rae1 Bc6 22. Bh6 Qe7 23. Qf4 Qf6 24. Qh2 Bxh6 25. Qxh6 Qg7 26. Qh4 Nf8 27. Ne5 f5 28. f4 Re7 29. g4 Be8 30. Rg2 Rcc7 31. Rh2 g5 32. fxg5 Ng6 33. Nxg6 Bxg6 34. Nc1 Kf7 35. Rf2 Kg8 36. Rfe2 fxg4 37. Rxe6 Rxe6 38. Rxe6 Bxd3 39. Nxd3 Re7 40. Qxg4 Rxe6 41. Qxe6+ Qf7 42. Qc8+ Kg7 43. Qxa6 Qf3 44. Qb7+ Kf8 45. Qxb5 Qg3+ 46. Kf1 Nb6 47. Qxb6 Qxd3+ 48. Ke1 Qg3+ 49. Kd1 Qg4+ 50. Kc2 Qf5+ 51. Kb3 Qxg5 52. Qd6+ Kf7 53. a4 Qc1 54. Qxd5+ Ke7 55. Qc5+ Kd7 56. Qb5+ Kc7 57. a5 1-0

[Event "TUR-chT Superleague 2018"]
[Site "Ankara"]
[Date "2018.08.03"]
[Round "11"]
[White "Gulbeyaz, Emir"]
[Black "Kara, Yanki"]
[Result "1-0"]
[WhiteElo "2208"]
[BlackElo "2270"]
[Annotator "NA"]
[PlyCount "97"]
[EventDate "2018.07.25"]
[EventType "team-tourn"]
[EventCountry "TUR"]
[SourceTitle "playchess.com"]
[Source "ChessBase"]
[SourceQuality "1"]

1. e4 g6 2. d4 Bg7 3. Nc3 d6 4. f4 a6 5. Nf3 b5 6. e5 Nd7 7. b4 Nb6 8. Bd3 Bb7 9. Be4 Qc8 10. Qe2 e6 11. O-O Ne7 12. a4 bxa4 13. Nxa4 Ned5 14. Bd2 O-O 15. Nb2 Nd7 16. Nc4 Nxf4 17. Bxf4 Bxe4 18. Qxe4 d5 19. Qe2 dxc4 20. Qxc4 Qb7 21. c3 Qb5 22. Nd2 Nb6 23. Qa2 Qc6 24. Rf3 Nd5 25. Qc4 Qb6 26. Qd3 Qb5 27. Bg3 Ne7 28. Ne4 Nf5 29. Be1 h5 30. h3 h4 31. Ra5 Qb6 32. Bf2 Rfd8 33. Nf6+ Bxf6 34. exf6 Rd5 35. Rxd5 exd5 36. Rxf5 gxf5 37. Qxf5 Qc6 38. Qg5+ Kf8 39. Qg7+ Ke8 40. Qg8+ Kd7 41. Qxf7+ Kc8 42. Qg8+ Kb7 43. f7 Qh6 44. Bxh4 Qf8 45. Qg6 a5 46. b5 Qd6 47. Qxd6 cxd6 48. Be7 a4 49. Bxd6 1-0

[Event "TUR-chT Superleague 2018"]
[Site "Ankara"]
[Date "2018.08.03"]
[Round "11"]
[White "Sahin, Ozgun"]
[Black "Ozoglu, Berker"]
[Result "1-0"]
[WhiteElo "2208"]
[BlackElo "1843"]
[Annotator "NA"]
[PlyCount "69"]
[EventDate "2018.07.25"]
[EventType "team-tourn"]
[EventCountry "TUR"]
[SourceTitle "playchess.com"]
[Source "ChessBase"]
[SourceQuality "1"]

1. e4 e6 2. d4 c5 3. c3 d5 4. exd5 Qxd5 5. Nf3 cxd4 6. cxd4 Nc6 7. Nc3 Bb4 8. Be2 Nge7 9. O-O Bxc3 10. bxc3 O-O 11. Bd3 Ng6 12. Qe2 Qd6 13. Ng5 e5 14. Qh5 h6 15. Ne4 Qe7 16. Bg5 Qe6 17. Bxh6 Qg4 18. Qxg4 Bxg4 19. d5 f5 20. dxc6 fxe4 21. Bxe4 gxh6 22. Bxg6 bxc6 23. Rfe1 Rf6 24. Bd3 Re8 25. Rab1 Re7 26. Rb4 Bd7 27. f4 c5 28. Rbe4 Bc6 29. Rxe5 Rg7 30. g3 Rxf4 31. Rxc5 Bb7 32. Re8+ Kf7 33. Rc7+ Kxe8 34. Rxg7 Rf7 35. Bg6 1-0

[Event "TUR-chT Superleague 2018"]
[Site "Ankara"]
[Date "2018.08.03"]
[Round "11"]
[White "Uysal, Burak"]
[Black "Esen, Baris"]
[Result "1/2-1/2"]
[WhiteElo "2187"]
[BlackElo "2487"]
[Annotator "TA"]
[PlyCount "96"]
[EventDate "2018.07.25"]
[EventType "team-tourn"]
[EventCountry "TUR"]
[SourceTitle "playchess.com"]
[Source "ChessBase"]
[SourceQuality "1"]

1. e4 g6 2. d4 Bg7 3. Nf3 c6 4. h3 d6 5. Bc4 Nf6 6. e5 dxe5 7. Nxe5 O-O 8. O-O Nfd7 9. Nf3 c5 10. dxc5 Qc7 11. c3 Qxc5 12. Na3 Nc6 13. Be3 Qa5 14. Qc1 Nde5 15. Nxe5 Nxe5 16. Bh6 Nxc4 17. Bxg7 Kxg7 18. Nxc4 Qc5 19. Ne3 e5 20. b4 Qc6 21. c4 Be6 22. Qc3 f6 23. f4 Qe4 24. f5 Bg8 25. fxg6 hxg6 26. Rae1 Qd4 27. Qc1 Rad8 28. Rd1 Qh4 29. a3 Be6 30. Rxd8 Rxd8 31. Rd1 Rxd1+ 32. Qxd1 Bxc4 33. Qd7+ Bf7 34. Qxb7 Qd4 35. Qf3 f5 36. Kh2 a6 37. Nc2 Qd2 38. Ne3 Be6 39. Nf1 Qd6 40. Qc3 Kf7 41. Kg1 Ke7 42. Kf2 f4 43. Nd2 Bd5 44. Nf3 Kf6 45. Nh2 Qb6+ 46. Kf1 Qb5+ 47. Kf2 Qb6+ 48. Kf1 Qb5+ 1/2-1/2

[Event "TUR-chT Superleague 2018"]
[Site "Ankara"]
[Date "2018.08.03"]
[Round "11"]
[White "Ozkan, Ervin"]
[Black "Oksuz, Akin"]
[Result "1/2-1/2"]
[WhiteElo "2168"]
[BlackElo "2167"]
[Annotator "NA"]
[PlyCount "93"]
[EventDate "2018.07.25"]
[EventType "team-tourn"]
[EventCountry "TUR"]
[SourceTitle "playchess.com"]
[Source "ChessBase"]
[SourceQuality "1"]

1. d4 d6 2. Nf3 g6 3. c4 f5 4. b4 Bg7 5. Bb2 Nf6 6. e3 O-O 7. Nc3 c6 8. Be2 Qc7 9. O-O h6 10. Qc2 e5 11. dxe5 dxe5 12. c5 Be6 13. Nd2 Qf7 14. Na4 Nd5 15. a3 b5 16. Nc3 Nxc3 17. Bxc3 Nd7 18. Qb2 e4 19. a4 a6 20. Ra3 Bxc3 21. Qxc3 Qf6 22. Qc2 Ne5 23. f4 exf3 24. Nxf3 Bd5 25. Qc3 Bxf3 26. Bxf3 Nxf3+ 27. Rxf3 Qxc3 28. Rxc3 bxa4 29. Ra3 a5 30. Rxa4 axb4 31. Rxb4 Ra5 32. Rf1 Rxc5 33. Rd1 Kg7 34. Rd6 g5 35. Rb7+ Rf7 36. Rxf7+ Kxf7 37. Rxh6 Rc2 38. h4 gxh4 39. Rxh4 Kf6 40. Kh2 c5 41. Kg3 Ke5 42. Kf3 Rd2 43. g4 fxg4+ 44. Rxg4 Kd5 45. e4+ Kd4 46. Rg8 Kc3 47. e5 1/2-1/2

[Event "TUR-chT Superleague 2018"]
[Site "Ankara"]
[Date "2018.08.03"]
[Round "11"]
[White "Kitir, Ahmet"]
[Black "Dastan, Muhammed Batuhan"]
[Result "0-1"]
[WhiteElo "2020"]
[BlackElo "2552"]
[Annotator "ChessBase"]
[PlyCount "116"]
[EventDate "2018.07.25"]
[EventType "team-tourn"]
[EventCountry "TUR"]
[SourceTitle "playchess.com"]
[Source "ChessBase"]
[SourceQuality "1"]

1. e4 c5 2. Nf3 d6 3. c3 Nf6 4. Be2 g6 5. O-O Bg7 6. Re1 O-O 7. Bf1 Nc6 8. h3 e5 9. d4 cxd4 10. cxd4 exd4 11. Nxd4 Nxd4 12. Qxd4 Re8 13. Bg5 h6 14. Bxf6 Bxf6 15. Qd2 d5 16. Nc3 dxe4 17. Qxd8 Rxd8 18. Rxe4 Bf5 19. Re2 Rac8 20. g4 Be6 21. Ne4 Bg7 22. Bg2 b6 23. Bf3 Rd4 24. a3 Rd3 25. Kg2 Bd5 26. g5 Kf8 27. h4 hxg5 28. hxg5 Rc5 29. Rae1 Bd4 30. a4 Kg7 31. b4 Rcc3 32. Bg4 Rc4 33. f3 Rxb4 34. Bd7 Bc3 35. Bb5 Bxe4 36. Rxe4 Rxb5 37. axb5 Bxe1 38. Rxe1 Rd5 39. Re7 Rxb5 40. Rxa7 Rxg5+ 41. Kf2 Rf5 42. Rb7 b5 43. Rb6 Kh6 44. Ke3 Kg5 45. Rb7 Kf6 46. Rd7 Ke6 47. Rd8 Rd5 48. Rb8 Kd6 49. Ke4 Re5+ 50. Kd4 Rf5 51. Ke4 Kc5 52. Rc8+ Kb4 53. Rd8 Kb3 54. Rd3+ Ka4 55. Kd4 b4 56. Re3 Rb5 57. Re7 Rf5 58. Re3 b3 0-1

[Event "TUR-chT Superleague 2018"]
[Site "Ankara"]
[Date "2018.08.03"]
[Round "11"]
[White "Cansun, Can Alp"]
[Black "Bozbey, Ali"]
[Result "1/2-1/2"]
[WhiteElo "1990"]
[BlackElo "2126"]
[Annotator "NA"]
[PlyCount "125"]
[EventDate "2018.07.25"]
[EventType "team-tourn"]
[EventCountry "TUR"]
[SourceTitle "playchess.com"]
[Source "ChessBase"]
[SourceQuality "1"]

1. e4 g6 2. d4 Bg7 3. Nc3 d5 4. exd5 Nf6 5. Bb5+ Nbd7 6. Nf3 O-O 7. O-O Nb6 8. Re1 Nbxd5 9. Nxd5 Nxd5 10. Bc4 Nb6 11. Bb3 a5 12. Bg5 Bf6 13. Bxf6 exf6 14. a4 Nd5 15. Nd2 Be6 16. Ne4 b6 17. Qd2 Kg7 18. Rad1 Qd7 19. c4 Nb4 20. d5 Bf5 21. Nxf6 Kxf6 22. Qd4+ Kg5 23. Qe3+ Kh5 24. h4 f6 25. f3 g5 26. hxg5 fxg5 27. Qd4 c5 28. g4+ Kh6 29. Qe5 Bxg4 30. Qh2+ Kg7 31. fxg4 Qxg4+ 32. Qg2 Qxg2+ 33. Kxg2 Rae8 34. d6 Rxe1 35. Rxe1 Rd8 36. Re6 Nd3 37. Kf3 Nf4 38. Re7+ Kf6 39. Rxh7 Rxd6 40. Rh6+ Ng6 41. Ke3 Kg7 42. Rh1 Ne5 43. Ba2 Rd4 44. b3 Rf4 45. Bb1 Ng4+ 46. Kd2 Kf6 47. Rh8 Rf2+ 48. Kc3 Rf3+ 49. Kb2 Re3 50. Rf8+ Kg7 51. Rb8 Ne5 52. Rb7+ Kf8 53. Rb8+ Ke7 54. Rb7+ Kd6 55. Rxb6+ Nc6 56. Bf5 Kc7 57. Rb5 Re5 58. Bg4 Na7 59. Rxa5 Kb6 60. b4 Re4 61. Bc8 Nxc8 62. Rxc5 Nd6 63. Rxg5 1/2-1/2

[Event "TUR-chT Superleague 2018"]
[Site "Ankara"]
[Date "2018.08.03"]
[Round "11"]
[White "Celik, Eda"]
[Black "Sade, Defne"]
[Result "1/2-1/2"]
[WhiteElo "1976"]
[BlackElo "1968"]
[Annotator "NA"]
[PlyCount "74"]
[EventDate "2018.07.25"]
[EventType "team-tourn"]
[EventCountry "TUR"]
[SourceTitle "playchess.com"]
[Source "ChessBase"]
[SourceQuality "1"]

1. d4 d5 2. Bf4 c5 3. e3 Nc6 4. c3 Nf6 5. Nd2 Bf5 6. Qb3 Qd7 7. Ngf3 c4 8. Qd1 e6 9. Ne5 Nxe5 10. Bxe5 Be7 11. Be2 O-O 12. O-O b5 13. f3 a5 14. Re1 b4 15. e4 Bg6 16. Bf1 Ne8 17. Qe2 Bd6 18. g3 Nc7 19. Bh3 Qc6 20. f4 Bxe4 21. Nxe4 dxe4 22. Qxe4 Qxe4 23. Rxe4 Rfd8 24. Bf1 bxc3 25. bxc3 Nd5 26. Bxc4 Nxc3 27. Re3 Nd5 28. Bxd5 Bxe5 29. Rxe5 Rxd5 30. Rxd5 exd5 31. Rc1 g6 32. Rc5 a4 33. Rxd5 Rb8 34. a3 Rb3 35. Ra5 Rxa3 36. d5 Rd3 37. Rxa4 Rxd5 1/2-1/2

[Event "TUR-chT Superleague 2018"]
[Site "Ankara"]
[Date "2018.08.03"]
[Round "11"]
[White "Gok, Fatih"]
[Black "Eren, Ataberk"]
[Result "1/2-1/2"]
[WhiteElo "1952"]
[BlackElo "2193"]
[Annotator "NA"]
[PlyCount "220"]
[EventDate "2018.07.25"]
[EventType "team-tourn"]
[EventCountry "TUR"]
[SourceTitle "playchess.com"]
[Source "ChessBase"]
[SourceQuality "1"]

1. Nf3 Nf6 2. c4 c6 3. g3 d5 4. b3 Bf5 5. Bg2 Nbd7 6. Bb2 e6 7. O-O h6 8. d3 Bh7 9. Nbd2 Be7 10. Re1 O-O 11. h3 a5 12. Qc2 Re8 13. Rad1 Bc5 14. Qc1 Bb6 15. Qa1 a4 16. b4 a3 17. Bc3 e5 18. Bxe5 Nxe5 19. Nxe5 dxc4 20. e3 cxd3 21. Ndc4 Bc7 22. Nxd3 Bxd3 23. Qc3 Qe7 24. Rxd3 Ne4 25. Bxe4 Qxe4 26. Nd6 Bxd6 27. Rxd6 Ra4 28. Rd4 Qe6 29. Rg4 Qe5 30. Qb3 Raa8 31. Rd1 Red8 32. Rgd4 Re8 33. Rd7 Re7 34. Rd8+ Rxd8 35. Rxd8+ Kh7 36. Qxa3 Re6 37. Qd3+ Rg6 38. a3 h5 39. Qd4 Qf5 40. Kg2 b5 41. Qd3 Qe6 42. h4 f5 43. Rf8 Rf6 44. Rd8 Rg6 45. Rf8 Rf6 46. Rd8 Rg6 47. Rb8 Qe5 48. Rf8 Rf6 49. Rd8 Rg6 50. Rd4 Rf6 51. Rf4 Kh6 52. Qd8 Kh7 53. Qd1 Kg6 54. Rd4 Re6 55. a4 bxa4 56. Qxa4 c5 57. bxc5 Qxc5 58. Qd7 Qc6+ 59. Qxc6 Rxc6 60. Kf3 Kf6 61. Kf4 g6 62. Rd8 Rc4+ 63. Rd4 Rc6 64. Rd8 Rc4+ 65. Rd4 Rc6 66. f3 Ra6 67. Rb4 Rc6 68. Ra4 Rb6 69. Rc4 Ra6 70. Rb4 Rc6 71. Rb7 Ra6 72. Rc7 Rb6 73. Ra7 Rc6 74. e4 fxe4 75. fxe4 Rb6 76. Rc7 Ra6 77. Rb7 Rc6 78. Ra7 Rb6 79. Ra3 Rc6 80. Rd3 Ke6 81. Rd5 Rc4 82. Ra5 Rc3 83. Ra7 Kf6 84. Ra6+ Kf7 85. Ra4 Kf6 86. Ra5 Rb3 87. Ra2 Rc3 88. Re2 Ra3 89. Re3 Ra4 90. Rb3 Ra6 91. Rb7 Rc6 92. Rd7 Ke6 93. Ra7 Kf6 94. e5+ Ke6 95. Ra4 Rb6 96. Rd4 Rb3 97. Re4 Ra3 98. Rb4 Rc3 99. Rd4 Rb3 100. Ra4 Rc3 101. Ra6+ Kf7 102. Ra7+ Ke6 103. Rg7 Rc4+ 104. Kg5 Rg4+ 105. Kh6 Rxg3 106. Rxg6+ Rxg6+ 107. Kxg6 Kxe5 108. Kxh5 Kf6 109. Kh6 Kf7 110. Kh7 Kf8 1/2-1/2

[Event "TUR-chT Superleague 2018"]
[Site "Ankara"]
[Date "2018.08.03"]
[Round "11"]
[White "Aydin, Gulenay"]
[Black "Ozbay, Ece"]
[Result "0-1"]
[WhiteElo "1894"]
[BlackElo "2140"]
[Annotator "NA"]
[PlyCount "90"]
[EventDate "2018.07.25"]
[EventType "team-tourn"]
[EventCountry "TUR"]
[SourceTitle "playchess.com"]
[Source "ChessBase"]
[SourceQuality "1"]

1. e4 c5 2. Nf3 e6 3. c3 Nf6 4. e5 Nd5 5. d4 cxd4 6. cxd4 d6 7. a3 dxe5 8. dxe5 Nc6 9. Bd3 Qc7 10. O-O Bd7 11. Re1 g6 12. Qe2 Bg7 13. Qe4 O-O 14. Nbd2 b5 15. Nb3 Rad8 16. Bg5 Rc8 17. Rac1 Qb6 18. Qh4 a5 19. Nc5 Rc7 20. Bh6 Re8 21. Bxg7 Kxg7 22. Ne4 h6 23. Nf6 Nce7 24. Nxe8+ Bxe8 25. Qd4 Qb8 26. Be4 Bc6 27. Rc2 Rd7 28. Qc5 Qd8 29. Rec1 b4 30. Nd4 Ba8 31. Nb5 Nf4 32. h4 Bxe4 33. Rc4 Nd3 34. Qe3 Nxc1 35. Rxe4 Nf5 36. Qf4 Rd1+ 37. Kh2 Qd3 38. Nd6 Nxd6 39. Qf6+ Kh7 40. Rf4 Qf1 41. exd6 Qh1+ 42. Kg3 Rd3+ 43. Rf3 Ne2+ 44. Kg4 Qxg2+ 45. Rg3 Rxg3+ 0-1